Statistics for Pokémon Go: Highest Damage Output by Type #3

Click here to take the quiz!

General Stats

  • This quiz has been taken 13 times
    (2 since last reset)
  • The average score is 21 of 30

Answer Stats

TypeDPSPokémonMovesetRegion% Correct
Dark17.116CrawdauntSnarl / CrabhammerHoenn
100%
Electric16.735ElectivireThunder Shock / Wild ChargeSinnoh
100%
Dark18.098HonchkrowSnarl / Sky AttackSinnoh
100%
Dark17.53HydreigonBite / Brutal SwingUnova
100%
Psychic17.983MetagrossBullet Punch / Meteor MashHoenn
100%
Psychic20.918MewtwoConfusion / PsystrikeKanto
100%
Dragon17.91PalkiaDragon Tail / Draco MeteorSinnoh
100%
Electric16.133RaikouThunder Shock / Wild ChargeJohto
100%
Fairy15.488Tapu BuluBullet Seed / Grass KnotAlola
100%
Fairy15.452Tapu KokoVolt Switch / Dazzling GleamAlola
100%
Fairy15.543Tapu LeleConfusion / Future SightAlola
100%
Ice16.608WeavileSnarl / AvalancheSinnoh
100%
Dark17.281DarkraiSnarl / Shadow BallSinnoh
50%
Ice17.446DarmanitanIce Fang / AvalancheGalar
50%
Psychic21.856Deoxys (Attack)Zen Headbutt / Dark PulseHoenn
50%
Psychic18.515Deoxys (Normal)Zen Headbutt / ThunderboltHoenn
50%
Fairy15.452GardevoirConfusion / PsychicHoenn
50%
Ice15.075GlaceonFrost Breath / AvalanceSinnoh
50%
Psychic19.952Hoopa (Unbound)Confusion / PsychicKalos
50%
Dark19.952Hoopa (Unbound)Confusion / PsychicKalos
50%
Ice15.688KyuremDragon Breath / Draco MeteorUnova
50%
Ice16.743MamoswineMud Slap / AvalancheSinnoh
50%
Dragon18.68RayquazaDragon Tail / OutrageHoenn
50%
Dragon18.075ReshiramFire Fang / OverheatUnova
50%
Dragon18.271SalamenceDragon Tail / OutrageHoenn
50%
Electric19.884XurkitreeThunder Shock / DischargeAlola
50%
Fairy15.805Zacian (Hero of Many Battles)Snarl / Play RoughGalar
50%
Dragon17.975ZekromDragon Breath / Wild ChargeUnova
50%
Electric17.975ZekromDragon Breath / Willd ChargeUnova
50%
Electric17.927Thundurus (Therian)Volt Switch / ThunderboltUnova
0%

Score Distribution

Percentile by Number Answered

Percent of People with Each Score

Your Score History

You have not taken this quiz since the last reset